| 000 | 00000cam 2200000zi 4500 |
| 001 | 9.958249 |
| 003 | CaOODSP |
| 005 | 20251212114620 |
| 006 | m o d f |
| 007 | cr mn||||||||| |
| 008 | 251212e20251211onc ob f000 0 fre d |
| 040 | |aCaOODSP|bfre|erda|cCaOODSP |
| 043 | |an-cn--- |
| 086 | 1 |aH113-17/2025-2F-PDF |
| 245 | 00|aDécision d’examen spécial pour le pydiflumétofène et les préparations commerciales connexes : |bdécision finale. |
| 264 | 1|aOttawa (Ontario) : |bAgence de réglementation de la lutte antiparasitaire, Santé Canada, |c11 décembre 2025. |
| 264 | 4|c©2025 |
| 300 | |a1 ressource en ligne (18 pages). |
| 336 | |atexte|btxt|2rdacontent/fre |
| 337 | |ainformatique|bc|2rdamedia/fre |
| 338 | |aressource en ligne|bcr|2rdacarrier/fre |
| 490 | 1 |aDécision d'examen spécial, |x2561-6358 ; |vSRD2025-02 |
| 500 | |aPublié aussi en anglais sous le titre : Special review decision of pydiflumetofen and its associated end-use products : final decision document. |
| 504 | |aComprend des références bibliographiques. |
| 650 | 6|aFongicides|xCertification|zCanada. |
| 650 | 6|aFongicides|xÉvaluation du risque|zCanada. |
| 650 | 6|aPesticides|xAtténuation des risques|zCanada. |
| 650 | 6|aFongicides|xAspect sanitaire. |
| 650 | 6|aFongicides|xAspect de l'environnement. |
| 710 | 1 |aCanada. |bAgence de réglementation de la lutte antiparasitaire, |eorganisme de publication. |
| 775 | 08|tSpecial review decision of pydiflumetofen and its associated end-use products : |w(CaOODSP)9.958245 |
| 830 | #0|aDécision d'examen spécial (Canada. Agence de réglementation de la lutte antiparasitaire)|vSRD2025-02.|w(CaOODSP)9.500872 |
| 856 | 40|qPDF|s492 Ko|uhttps://publications.gc.ca/collections/collection_2025/sc-hc/h113-17/H113-17-2025-2-fra.pdf|zDécision finale |
| 856 | 4 |qHTML|sS.O.|uhttps://www.canada.ca/fr/sante-canada/services/securite-produits-consommation/rapports-publications/pesticides-lutte-antiparasitaire/decisions-mises-jour/decision-examen-special/2025/pydiflumetofene.html|zSommaire |